[Event "Lloyds Bank Masters 2nd"]
[Site "London, Cumberland Hotel"]
[Date "1978.08.30"]
[Round "9.39"]
[White "Casse, Rey F"]
[Black "Hillyard, Graham D"]
[Result "1-0"]
[WhiteElo "1985"]
[BlackElo "2250"]
[PlyCount "79"]
[EventDate "1978.08.24"]
[EventType "swiss"]
[EventRounds "10"]
[EventCountry "ENG"]
[SourceTitle "BritBase"]
[Source "John Saunders"]
[SourceDate "2023.12.16"]
[SourceVersion "1"]
[SourceVersionDate "2023.12.16"]
[SourceQuality "1"]

1. e4 c6 2. d4 d5 3. exd5 cxd5 4. Bd3 Nc6 5. c3 Nf6 6. Nf3 Bg4 7. O-O e6 8. h3
Bxf3 9. Qxf3 Be7 10. Bf4 Qb6 11. Na3 a6 12. Rab1 Rc8 13. Nc2 a5 14. Ne3 h5 15.
Rfe1 Kf8 16. Re2 Kg8 17. Rbe1 Qd8 18. Bg5 Nd7 19. Bxe7 Nxe7 20. c4 Nc6 21. Qf4
Nf6 22. cxd5 Nxd5 23. Nxd5 Qxd5 24. Be4 Qxd4 25. Rd2 Qb4 26. a3 Qe7 27. Red1 g5
28. Qe3 Ne5 29. Bxb7 Nc4 30. Qc3 Nxd2 31. Bxc8 Ne4 32. Qe5 Nf6 33. Qxg5+ Kh7
34. Rd7 Rg8 35. Rxe7 Rxg5 36. Rxf7+ Kg6 37. Bxe6 Re5 38. Re7 Re1+ 39. Kh2 Ne4
40. Bd5 1-0

[Event "Lloyds Bank Masters 2nd"]
[Site "London, Cumberland Hotel"]
[Date "1978.08.30"]
[Round "9.40"]
[White "Century, Jonathan Isaac"]
[Black "Martin, Andrew D"]
[Result "1-0"]
[WhiteElo "2255"]
[BlackElo "2390"]
[PlyCount "123"]
[EventDate "1978.08.24"]
[EventType "swiss"]
[EventRounds "10"]
[EventCountry "ENG"]
[SourceTitle "BritBase"]
[Source "John Saunders"]
[SourceDate "2023.12.16"]
[SourceVersion "1"]
[SourceVersionDate "2023.12.16"]
[SourceQuality "1"]

1. Nf3 b6 2. g3 Bb7 3. Bg2 e6 4. c4 Nf6 5. O-O Be7 6. Nc3 O-O 7. d4 Ne4 8. Qc2
Nxc3 9. Qxc3 f5 10. b3 Bf6 11. Bb2 Qe7 12. Rfd1 d6 13. Qd2 Nd7 14. Rac1 Rae8
15. b4 e5 16. Nxe5 Bxg2 17. Nxd7 Qxd7 18. Kxg2 f4 19. Rf1 Bg5 20. Qd3 fxg3 21.
hxg3 Bxc1 22. Bxc1 d5 23. c5 Qf5 24. Qxf5 Rxf5 25. Re1 bxc5 26. bxc5 Rb8 27. e4
dxe4 28. Rxe4 c6 29. Re6 Rf6 30. Re7 Rf7 31. Re6 Rc8 32. Bf4 Rd7 33. Bd6 Kf7
34. Re2 Rb7 35. Kf3 Re8 36. Be5 Rb4 37. Ke4 a5 38. f4 a4 39. Re3 Ra8 40. Ra3
Rb1 41. Kd3 g6 42. Kc4 Ke6 43. g4 h5 44. gxh5 gxh5 45. Rh3 Rb2 46. Rxh5 Rxa2
47. f5+ Kd7 48. Rh7+ Kc8 49. Rc7+ Kd8 50. Rxc6 Rf2 51. Rh6 Kc8 52. c6 Rc2+ 53.
Kd5 Ra5+ 54. Ke4 Re2+ 55. Kf4 Rexe5 56. dxe5 a3 57. Rh1 a2 58. Ra1 Kc7 59. f6
Kxc6 60. f7 Ra8 61. Kf5 Kd5 62. Kf6 1-0

[Event "Lloyds Bank Masters 2nd"]
[Site "London, Cumberland Hotel"]
[Date "1978.08.30"]
[Round "9.41"]
[White "Ginsburg, Mark"]
[Black "Lambert, Glenn EJ"]
[Result "1-0"]
[WhiteElo "2335"]
[BlackElo "2320"]
[PlyCount "91"]
[EventDate "1978.08.24"]
[EventType "swiss"]
[EventRounds "10"]
[EventCountry "ENG"]
[SourceTitle "BritBase"]
[Source "John Saunders"]
[SourceDate "2023.12.16"]
[SourceVersion "1"]
[SourceVersionDate "2023.12.16"]
[SourceQuality "1"]

1. c4 Nf6 2. Nc3 g6 3. e4 d6 4. d4 Bg7 5. Be2 O-O 6. Nf3 e5 7. O-O Nc6 8. d5
Ne7 9. b4 Nh5 10. c5 Nf4 11. Bxf4 exf4 12. Rc1 h6 13. h3 g5 14. a4 Ng6 15. cxd6
cxd6 16. Nb5 a6 17. Nc7 Rb8 18. b5 axb5 19. axb5 Qe7 20. Re1 b6 21. Na6 Rb7 22.
Nd4 Bxd4 23. Qxd4 Ne5 24. Nb4 Qf6 25. Nc6 f3 26. Bxf3 Nxf3+ 27. gxf3 Qxf3 28.
Rc3 Qf4 29. Kg2 f6 30. Rf3 Qh4 31. Ree3 g4 32. hxg4 Bxg4 33. Rg3 Kh7 34. e5 Rg7
35. exd6 Qh5 36. Qe4+ Kh8 37. Ne7 f5 38. Qf4 Ra8 39. Re1 Ra4 40. Rh1 Qxh1+ 41.
Kxh1 Rxf4 42. d7 Bf3+ 43. Kg1 Rh4 44. d8=Q+ Kh7 45. Rxg7+ Kxg7 46. Nxf5+ 1-0

[Event "Lloyds Bank Masters 2nd"]
[Site "London, Cumberland Hotel"]
[Date "1978.08.30"]
[Round "9.42"]
[White "Stirling, William J"]
[Black "Frostick, Clive Anthony"]
[Result "1-0"]
[WhiteElo "2205"]
[BlackElo "2080"]
[PlyCount "49"]
[EventDate "1978.08.24"]
[EventType "swiss"]
[EventRounds "10"]
[EventCountry "ENG"]
[SourceTitle "BritBase"]
[Source "John Saunders"]
[SourceDate "2023.12.16"]
[SourceVersion "1"]
[SourceVersionDate "2023.12.16"]
[SourceQuality "1"]

1. e4 c5 2. Nf3 Nc6 3. d4 cxd4 4. Nxd4 e5 5. Nb5 a6 6. Nd6+ Bxd6 7. Qxd6 Qf6 8.
Qd1 Nge7 9. Nc3 Qg6 10. h4 f5 11. h5 Qe6 12. exf5 Nxf5 13. Qd5 d6 14. Bc4 Nfd4
15. O-O Qe7 16. Ne4 Be6 17. Qxd6 Bxc4 18. Bg5 Qf7 19. Rfe1 Ne2+ 20. Rxe2 Bxe2
21. h6 Rf8 22. Qd2 Qg6 23. hxg7 Qxe4 24. gxf8=Q+ Kxf8 25. Qd6+ 1-0

[Event "Lloyds Bank Masters 2nd"]
[Site "London, Cumberland Hotel"]
[Date "1978.08.30"]
[Round "9.43"]
[White "Harding, Timothy David"]
[Black "Berry, Stephen H"]
[Result "1/2-1/2"]
[WhiteElo "2230"]
[BlackElo "2200"]
[PlyCount "35"]
[EventDate "1978.08.24"]
[EventType "swiss"]
[EventRounds "10"]
[EventCountry "ENG"]
[SourceTitle "Tim Harding"]
[Source "Tim Harding"]
[SourceDate "2023.12.23"]
[SourceVersion "1"]
[SourceVersionDate "2023.12.23"]
[SourceQuality "1"]

1. c4 e6 2. g3 d5 3. Bg2 Nf6 4. Nf3 Be7 5. O-O O-O 6. d4 b6 7. Nc3 Bb7 8. Ne5
Na6 9. cxd5 exd5 10. Bf4 c5 11. e3 Ne4 12. h4 h6 13. Bxh6 gxh6 14. Nxe4 dxe4
15. Qg4+ Kh8 16. Qh5 Kg7 17. Qg4+ Kh8 18. Qh5 {Source: Tim Harding personal
database.} 1/2-1/2

[Event "Lloyds Bank Masters 2nd"]
[Site "London, Cumberland Hotel"]
[Date "1978.08.30"]
[Round "9.47"]
[White "Malachi, Avraham"]
[Black "Yeo, Michael J"]
[Result "1-0"]
[WhiteElo "2265"]
[BlackElo "2205"]
[PlyCount "87"]
[EventDate "1978.08.24"]
[EventType "swiss"]
[EventRounds "10"]
[EventCountry "ENG"]
[SourceTitle "BritBase"]
[Source "John Saunders"]
[SourceDate "2023.12.16"]
[SourceVersion "1"]
[SourceVersionDate "2023.12.16"]
[SourceQuality "1"]

1. e4 e5 2. Nf3 Nc6 3. Bb5 a6 4. Bxc6 dxc6 5. O-O f6 6. d4 exd4 7. Nxd4 c5 8.
Nb3 Qxd1 9. Rxd1 Bg4 10. f3 Be6 11. Be3 b6 12. Nc3 Bd6 13. a4 Kf7 14. a5 c4 15.
Nd4 b5 16. Nxe6 Kxe6 17. Nd5 Ne7 18. b3 cxb3 19. cxb3 Nxd5 20. Rxd5 Rhd8 21.
Rc1 Rd7 22. Rc6 Ke7 23. Bc5 Bxc5+ 24. Rdxc5 Ra7 25. Rd5 Kd8 26. Kf2 Kc8 27. g4
Re7 28. g5 fxg5 29. Rxg5 Kd7 30. Rgc5 Re6 31. Rxe6 Kxe6 32. f4 Kd6 33. b4 Ra8
34. Ke3 Rf8 35. h4 c6 36. h5 Rf7 37. f5 Kc7 38. Kf4 g6 39. Kg5 gxf5 40. exf5
Kd6 41. f6 Rc7 42. Kf5 Rc8 43. Re5 Kd7 44. f7 {Source: Michael Yeo.
Contributed, 14 July 2021} 1-0

[Event "Lloyds Bank Masters 2nd"]
[Site "London, Cumberland Hotel"]
[Date "1978.08.30"]
[Round "9.49"]
[White "Henshaw, John C"]
[Black "Gadia, Olicio"]
[Result "1/2-1/2"]
[WhiteElo "2215"]
[BlackElo "2240"]
[PlyCount "92"]
[EventDate "1978.08.24"]
[EventType "swiss"]
[EventRounds "10"]
[EventCountry "ENG"]
[SourceTitle "BritBase"]
[Source "John Saunders"]
[SourceDate "2023.12.16"]
[SourceVersion "1"]
[SourceVersionDate "2023.12.16"]
[SourceQuality "1"]

1. e4 c5 2. c3 Nf6 3. e5 Nd5 4. Nf3 d6 5. d4 cxd4 6. cxd4 Nc6 7. Bc4 Nb6 8. Bb5
d5 9. Nc3 Bg4 10. h3 Bxf3 11. Qxf3 e6 12. O-O a6 13. Bxc6+ bxc6 14. Qg3 Qc7 15.
Be3 g6 16. Rac1 Bg7 17. Rc2 O-O 18. f4 f5 19. Kh1 Rfc8 20. Qf3 Bf8 21. Rfc1 Qd7
22. Bf2 Rab8 23. g4 Qf7 24. Ne2 fxg4 25. hxg4 c5 26. dxc5 Nc4 27. Bd4 Bxc5 28.
Bxc5 Rxc5 29. Kg2 Rbc8 30. Nd4 Qe7 31. Kh3 Rf8 32. Qg3 Rcc8 33. b3 Nb6 34. Rxc8
Nxc8 35. Rc6 Qb4 36. Qc3 Qb7 37. Rc7 Qa8 38. Qc5 Re8 39. Kg3 h5 40. gxh5 gxh5
41. Kh4 Nb6 42. Qd6 a5 43. Nxe6 d4 44. Nxd4 Qg2 45. Kxh5 Qh3+ 46. Kg5 Qg3+ {
Source: J C Henshaw via Brian Denman, contributed 21 July 2021} 1/2-1/2

[Event "Lloyds Bank Masters 2nd"]
[Site "London, Cumberland Hotel"]
[Date "1978.08.30"]
[Round "10.1"]
[White "Peters, Jack"]
[Black "Kraidman, Yair"]
[Result "1/2-1/2"]
[WhiteElo "2430"]
[BlackElo "2455"]
[PlyCount "79"]
[EventDate "1978.08.24"]
[EventType "swiss"]
[EventRounds "10"]
[EventCountry "ENG"]
[SourceTitle "BritBase"]
[Source "John Saunders"]
[SourceDate "2023.12.16"]
[SourceVersion "1"]
[SourceVersionDate "2023.12.16"]
[SourceQuality "1"]

1. e4 e5 2. Nf3 Nc6 3. Bb5 a6 4. Ba4 Nf6 5. O-O Be7 6. Re1 b5 7. Bb3 d6 8. c3
O-O 9. h3 Nb8 10. d4 Nbd7 11. c4 Bb7 12. Nc3 c6 13. a3 h6 14. Be3 exd4 15. Nxd4
Nc5 16. Nf5 Nxb3 17. Qxb3 Bc8 18. Nxe7+ Qxe7 19. cxb5 axb5 20. Rad1 Re8 21. Bf4
Be6 22. Qb4 d5 23. Qxe7 Rxe7 24. exd5 Nxd5 25. Nxd5 cxd5 26. Rxd5 Rb7 27. Rd4
Ra4 28. Rd8+ Kh7 29. Bd2 Rd7 30. Rxd7 Bxd7 31. Bc3 Ra6 32. Re7 Be6 33. Kf1 Bc4+
34. Ke1 Re6+ 35. Rxe6 fxe6 36. g4 g6 37. f3 Kg8 38. Kf2 Kf7 39. Kg3 Be2 40. Kf2
{"As [Peters] had to leave early to play in another tournament the game was
played the night before the rest of the last round games began but the result
was not disclosed to the other players or the public until 4 hours after the
final round commenced." Bulletin} 1/2-1/2

[Event "Lloyds Bank Masters 2nd"]
[Site "London, Cumberland Hotel"]
[Date "1978.08.31"]
[Round "10.2"]
[White "Bouaziz, Slim"]
[Black "Rantanen, Yrjo A"]
[Result "1/2-1/2"]
[WhiteElo "2365"]
[BlackElo "2420"]
[PlyCount "44"]
[EventDate "1978.08.24"]
[EventType "swiss"]
[EventRounds "10"]
[EventCountry "ENG"]
[SourceTitle "BritBase"]
[Source "John Saunders"]
[SourceDate "2023.12.16"]
[SourceVersion "1"]
[SourceVersionDate "2023.12.16"]
[SourceQuality "1"]

1. e4 e5 2. Nf3 Nc6 3. Bb5 a6 4. Bxc6 dxc6 5. O-O Bd6 6. d4 exd4 7. Qxd4 f6 8.
Nbd2 Be6 9. Qc3 Nh6 10. Nd4 Bd7 11. Nc4 Nf7 12. Qb3 Qc8 13. Nxd6+ cxd6 14. Bf4
O-O 15. Bxd6 Re8 16. Bc5 Rxe4 17. Rae1 Re5 18. Rxe5 fxe5 19. Nf3 Be6 20. Qe3
Qc7 21. Re1 Re8 22. a3 Bd5 1/2-1/2

[Event "Lloyds Bank Masters 2nd"]
[Site "London, Cumberland Hotel"]
[Date "1978.08.31"]
[Round "10.3"]
[White "Benjamin, Joel"]
[Black "Basman, Michael John"]
[Result "1-0"]
[WhiteElo "2300"]
[BlackElo "2395"]
[PlyCount "85"]
[EventDate "1978.08.24"]
[EventType "swiss"]
[EventRounds "10"]
[EventCountry "ENG"]
[SourceTitle "BritBase"]
[Source "John Saunders"]
[SourceDate "2023.12.16"]
[SourceVersion "1"]
[SourceVersionDate "2023.12.16"]
[SourceQuality "1"]

1. e4 c6 2. d4 d5 3. Nc3 g6 4. h3 Bg7 5. Nf3 Nh6 6. Bf4 f6 7. exd5 cxd5 8. Nb5
Na6 9. c4 Nf7 10. cxd5 g5 11. Bg3 h5 12. Nc3 h4 13. Bh2 Kf8 14. Qb3 Nc7 15. Be2
b6 16. O-O Rh6 17. Rfe1 Bb7 18. Bd3 Qd7 19. Rac1 Rd8 20. Qa3 g4 21. Bxc7 gxf3
22. Bxd8 Qxd8 23. Qxa7 Nd6 24. Nb5 Nxb5 25. Qxb7 Nd6 26. Qc7 Qe8 27. Rc6 f5 28.
Rxb6 Rg6 29. Rb8 Rxg2+ 30. Kh1 Qxb8 31. Qxb8+ Kf7 32. Qc7 Bf6 33. Qd7 Rxf2 34.
Qe6+ Kf8 35. Rg1 Bg7 36. Qg6 Rg2 37. Rxg2 fxg2+ 38. Kxg2 Bxd4 39. Qh6+ Ke8 40.
Qh5+ Kd8 41. Bxf5 Bxb2 42. Bd3 Bf6 43. a4 1-0

[Event "Lloyds Bank Masters 2nd"]
[Site "London, Cumberland Hotel"]
[Date "1978.08.31"]
[Round "10.4"]
[White "Shamkovich, Leonid A"]
[Black "Littlewood, Paul E"]
[Result "0-1"]
[WhiteElo "2485"]
[BlackElo "2345"]
[PlyCount "110"]
[EventDate "1978.08.24"]
[EventType "swiss"]
[EventRounds "10"]
[EventCountry "ENG"]
[SourceTitle "BritBase"]
[Source "John Saunders"]
[SourceDate "2023.12.16"]
[SourceVersion "1"]
[SourceVersionDate "2023.12.16"]
[SourceQuality "1"]

1. e4 e5 2. Nf3 Nc6 3. Bb5 a6 4. Ba4 Nf6 5. O-O Be7 6. Re1 b5 7. Bb3 O-O 8. c3
d6 9. h3 Na5 10. Bc2 c5 11. d4 Qc7 12. Nbd2 cxd4 13. cxd4 Nc6 14. a3 exd4 15.
Nb3 Re8 16. Nbxd4 Nxd4 17. Nxd4 Bb7 18. Bf4 Bf8 19. f3 Qb6 20. Kh1 g6 21. Qd2
Bg7 22. Rad1 d5 23. e5 Nd7 24. Be3 Bxe5 25. Nf5 d4 26. Nxd4 Qc7 27. Bb3 Rad8
28. Qc1 Qxc1 29. Rxc1 Nc5 30. Rxc5 Bxd4 31. Rc7 Bd5 32. Bxd5 Rxd5 33. Bf2 Rxe1+
34. Bxe1 Bxb2 35. Rc8+ Kg7 36. Bb4 Rd1+ 37. Kh2 Rc1 38. Re8 g5 39. Bf8+ Kg6 40.
g4 Rc2+ 41. Kg1 Bd4+ 42. Kh1 Bc5 43. Bxc5 Rxc5 44. Ra8 Rc6 45. Kg2 h6 46. Kg3
Kf6 47. h4 Ke5 48. h5 Kd4 49. Ra7 Rf6 50. Rc7 a5 51. Ra7 b4 52. axb4 axb4 53.
Kf2 b3 54. Ke2 Rb6 55. Rd7+ Ke5 {"With this victory Littlewood completed his
first international master norm." (Bulletin)} 0-1

[Event "Lloyds Bank Masters 2nd"]
[Site "London, Cumberland Hotel"]
[Date "1978.08.31"]
[Round "10.5"]
[White "Tatai, Stefano"]
[Black "Kopec, Danny"]
[Result "1-0"]
[WhiteElo "2455"]
[BlackElo "2310"]
[PlyCount "59"]
[EventDate "1978.08.24"]
[EventType "swiss"]
[EventRounds "10"]
[EventCountry "ENG"]
[SourceTitle "BritBase"]
[Source "John Saunders"]
[SourceDate "2023.12.16"]
[SourceVersion "1"]
[SourceVersionDate "2023.12.16"]
[SourceQuality "1"]

1. d4 Nf6 2. c4 e6 3. Nf3 b6 4. g3 Bb4+ 5. Bd2 Qe7 6. Bg2 Bb7 7. O-O Bxd2 8.
Qxd2 O-O 9. Nc3 Ne4 10. Nxe4 Bxe4 11. Qf4 Bxf3 12. Bxf3 c6 13. Rac1 Na6 14. Rc3
Rfc8 15. a3 Nc7 16. b4 Rab8 17. Rfc1 Ne8 18. e4 a5 19. Rb1 axb4 20. Rxb4 c5 21.
dxc5 e5 22. Qd2 bxc5 23. Rbb3 Rxb3 24. Rxb3 Qe6 25. Rb7 Nd6 26. Bg4 Qxg4 27.
Qxd6 Qxe4 28. Rb8 Qe1+ 29. Kg2 Qe4+ 30. Kf1 1-0

[Event "Lloyds Bank Masters 2nd"]
[Site "London, Cumberland Hotel"]
[Date "1978.08.31"]
[Round "10.7"]
[White "Rayner, Emmanuel"]
[Black "Watson, John L"]
[Result "0-1"]
[WhiteElo "2345"]
[BlackElo "2320"]
[PlyCount "60"]
[EventDate "1978.08.24"]
[EventType "swiss"]
[EventRounds "10"]
[EventCountry "ENG"]
[SourceTitle "BritBase"]
[Source "John Saunders"]
[SourceDate "2023.12.16"]
[SourceVersion "1"]
[SourceVersionDate "2023.12.16"]
[SourceQuality "1"]

1. e4 e6 2. d4 d5 3. Nc3 Bb4 4. e5 c5 5. a3 Bxc3+ 6. bxc3 Ne7 7. a4 Nbc6 8. Nf3
Qa5 9. Qd2 Bd7 10. Be2 f6 11. exf6 gxf6 12. O-O O-O-O 13. Re1 e5 14. dxe5 fxe5
15. Bf1 Qc7 16. g3 Bg4 17. Bg2 Ng6 18. h3 Bf5 19. Kh1 Qd7 20. Ng1 h5 21. c4 d4
22. Ba3 b6 23. Rab1 Qc7 24. Rb2 Na5 25. Qe2 Rhf8 26. Rd1 Rde8 27. Rb5 e4 28.
Rxa5 bxa5 29. Qxh5 Ne5 30. g4 Bxg4 {"This game enabled Watson to complete an
IM norm." (Bulletin)} 0-1

[Event "Lloyds Bank Masters 2nd"]
[Site "London, Cumberland Hotel"]
[Date "1978.08.31"]
[Round "10.8"]
[White "Haik, Aldo"]
[Black "MacPherson, Hugh Dugald"]
[Result "1-0"]
[WhiteElo "2425"]
[BlackElo "2315"]
[PlyCount "79"]
[EventDate "1978.08.24"]
[EventType "swiss"]
[EventRounds "10"]
[EventCountry "ENG"]
[SourceTitle "BritBase"]
[Source "John Saunders"]
[SourceDate "2023.12.16"]
[SourceVersion "1"]
[SourceVersionDate "2023.12.16"]
[SourceQuality "1"]

1. d4 Nf6 2. c4 g6 3. Nc3 Bg7 4. Nf3 O-O 5. Bg5 d6 6. e3 Nbd7 7. Qc2 c6 8. Rd1
h6 9. Bh4 a6 10. Be2 b5 11. O-O Bb7 12. Nd2 b4 13. Na4 Qe8 14. c5 g5 15. Bg3 d5
16. a3 bxa3 17. bxa3 e5 18. Rb1 Ra7 19. Rfe1 Qe6 20. Nb6 Re8 21. Bd3 e4 22. Bf1
Nh5 23. Bc7 f5 24. Ndc4 Bc8 25. Bd6 Bf8 26. Bxf8 Rxf8 27. Nd6 Bb7 28. Nxd5 cxd5
29. Nxb7 f4 30. c6 Ndf6 31. Qc5 Raa8 32. Qd6 Qg4 33. Nc5 Ng7 34. Rb7 fxe3 35.
fxe3 Qf5 36. Qe5 Qg6 37. Nd7 Ngh5 38. Qe6+ Kh8 39. Ne5 Qg8 40. Qf5 {"The loss
of this game cost Macpherson a possible IM norm." (Bulletin)} 1-0

[Event "Lloyds Bank Masters 2nd"]
[Site "London, Cumberland Hotel"]
[Date "1978.08.31"]
[Round "10.9"]
[White "Masculo, Jose Soares"]
[Black "Flear, Glenn C"]
[Result "1-0"]
[WhiteElo "2335"]
[BlackElo "2185"]
[PlyCount "45"]
[EventDate "1978.08.24"]
[EventType "swiss"]
[EventRounds "10"]
[EventCountry "ENG"]
[SourceTitle "BritBase"]
[Source "John Saunders"]
[SourceDate "2023.12.16"]
[SourceVersion "1"]
[SourceVersionDate "2023.12.16"]
[SourceQuality "1"]

1. g3 f5 2. Bg2 Nf6 3. c4 e6 4. Nf3 Be7 5. O-O O-O 6. b3 d6 7. d4 Qe8 8. Nc3 a5
9. Qd3 Nc6 10. e4 fxe4 11. Nxe4 e5 12. dxe5 Nxe4 13. Qxe4 dxe5 14. Bb2 Bf6 15.
Rae1 Qh5 16. Nxe5 Bf5 17. Qd5+ Kh8 18. f4 Bxe5 19. Bxe5 Rad8 20. Qc5 Nb4 21.
Qe7 Qg6 22. Bxc7 Rfe8 23. Qg5 1-0

[Event "Lloyds Bank Masters 2nd"]
[Site "London, Cumberland Hotel"]
[Date "1978.08.31"]
[Round "10.10"]
[White "Lind, Jan Olov"]
[Black "Hodgson, Julian M"]
[Result "1-0"]
[WhiteElo "2205"]
[BlackElo "2265"]
[PlyCount "89"]
[EventDate "1978.08.24"]
[EventType "swiss"]
[EventRounds "10"]
[EventCountry "ENG"]
[SourceTitle "BritBase"]
[Source "John Saunders"]
[SourceDate "2023.12.16"]
[SourceVersion "1"]
[SourceVersionDate "2023.12.16"]
[SourceQuality "1"]

1. e4 c5 2. Nf3 Nc6 3. d4 cxd4 4. Nxd4 g6 5. Nc3 Bg7 6. Be3 Nf6 7. Bc4 O-O 8.
Bb3 d6 9. f3 Bd7 10. Qd2 Rc8 11. O-O-O Ne5 12. h4 Nc4 13. Bxc4 Rxc4 14. h5 Qc7
15. g4 Rc8 16. Rh2 Rxc3 17. Qxc3 Qxc3 18. bxc3 Rxc3 19. Rd3 Rc4 20. hxg6 hxg6
21. Nb3 Ra4 22. g5 Nh5 23. Nc5 dxc5 24. Rxd7 b6 25. Rxe7 Kf8 26. Rd7 Rxa2 27.
Kd2 a5 28. Rh1 Rb2 29. Ra7 Be5 30. f4 Bd4 31. Bxd4 cxd4 32. f5 Rb5 33. Kd3 Re5
34. Kxd4 Re8 35. e5 Rd8+ 36. Ke3 Rd5 37. Rxh5 gxh5 38. Ke4 Rd8 39. e6 fxe6 40.
f6 Kg8 41. g6 h4 42. Rg7+ Kf8 43. Rh7 Kg8 44. f7+ Kf8 45. Rh8+ 1-0

[Event "Lloyds Bank Masters 2nd"]
[Site "London, Cumberland Hotel"]
[Date "1978.08.31"]
[Round "10.12"]
[White "Webb, Richard M"]
[Black "Britton, Richard L"]
[Result "0-1"]
[WhiteElo "2120"]
[BlackElo "2235"]
[PlyCount "126"]
[EventDate "1978.08.24"]
[EventType "swiss"]
[EventRounds "10"]
[EventCountry "ENG"]
[SourceTitle "BritBase"]
[Source "John Saunders"]
[SourceDate "2023.12.16"]
[SourceVersion "1"]
[SourceVersionDate "2023.12.16"]
[SourceQuality "1"]

1. e4 c5 2. Nf3 d6 3. d4 cxd4 4. Nxd4 Nf6 5. Nc3 a6 6. Bg5 e6 7. f4 Nbd7 8. Qf3
Qc7 9. O-O-O b5 10. Bd3 Bb7 11. Rhe1 Qb6 12. Nb3 Be7 13. Qg3 b4 14. Nb1 a5 15.
e5 Nh5 16. Qh4 Bxg5 17. Qxg5 g6 18. exd6 Nhf6 19. Bb5 O-O 20. Bxd7 Nxd7 21. Nd4
a4 22. h4 b3 23. axb3 axb3 24. Nxb3 Bd5 25. Rxd5 exd5 26. Qxd5 Qf2 27. Qd2 Qxh4
28. Nc3 Rfe8 29. Rd1 Qg4 30. Kb1 Qe6 31. Qd4 Ra6 32. Nb5 Qe2 33. Nc3 Qxg2 34.
Nd5 Rc6 35. Rc1 Qe2 36. Ne7+ Rxe7 37. dxe7 Qxe7 38. Rd1 Nf6 39. Qd8+ Qxd8 40.
Rxd8+ Kg7 41. Nc1 h5 42. b4 h4 43. Rd1 Rc8 44. Rh1 Rh8 45. Rh3 Ne4 46. Nd3 f6
47. b5 Nc3+ 48. Kb2 Nxb5 49. Nf2 g5 50. fxg5 fxg5 51. c4 Nc7 52. Kc3 Rf8 53.
Ne4 Kg6 54. Rh1 Rf3+ 55. Kd2 Kf5 56. Nd6+ Ke5 57. c5 Kd4 58. Rg1 Ne6 59. c6 Kd5
60. c7 Nxc7 61. Rxg5+ Kxd6 62. Rh5 Rf4 63. Ke3 Ne6 0-1

[Event "Lloyds Bank Masters 2nd"]
[Site "London, Cumberland Hotel"]
[Date "1978.08.31"]
[Round "10.13"]
[White "Knott, Simon John Bradley"]
[Black "Evans, Larry D"]
[Result "0-1"]
[WhiteElo "2205"]
[BlackElo "2405"]
[PlyCount "88"]
[EventDate "1978.08.24"]
[EventType "swiss"]
[EventRounds "10"]
[EventCountry "ENG"]
[SourceTitle "BritBase"]
[Source "John Saunders"]
[SourceDate "2023.12.16"]
[SourceVersion "1"]
[SourceVersionDate "2023.12.16"]
[SourceQuality "1"]

1. c4 Nf6 2. Nc3 e6 3. e4 c5 4. e5 Ng8 5. Nf3 Nc6 6. d4 cxd4 7. Nxd4 Nxe5 8.
Ndb5 a6 9. Nd6+ Bxd6 10. Qxd6 f6 11. Be3 Ne7 12. Bb6 Nf5 13. Bxd8 Nxd6 14. Bc7
Ke7 15. O-O-O Nexc4 16. b3 Ne8 17. Bg3 Ne5 18. f4 Ng4 19. Be2 Ne3 20. Rd3 Nf5
21. Bf2 h5 22. Rh3 g6 23. g4 Nfg7 24. Re1 Kf7 25. Na4 b5 26. Nb6 Ra7 27. Kb2
Rc7 28. Ka3 Bb7 29. Kb4 Nd6 30. Bd4 Ne4 31. a4 bxa4 32. bxa4 d5 33. Ka5 Re8 34.
gxh5 Nxh5 35. Bxh5 gxh5 36. f5 e5 37. Rxh5 Rg8 38. Bg1 d4 39. Rd1 Rc5+ 40. Kb4
a5+ 41. Kb3 Rc3+ 42. Kb2 Rg2+ 43. Kb1 Rb3+ 44. Kc1 Nc3 0-1

[Event "Lloyds Bank Masters 2nd"]
[Site "London, Cumberland Hotel"]
[Date "1978.08.31"]
[Round "10.20"]
[White "King, Daniel John"]
[Black "Silman, Jeremy D"]
[Result "1/2-1/2"]
[WhiteElo "2160"]
[BlackElo "2360"]
[PlyCount "38"]
[EventDate "1978.08.24"]
[EventType "swiss"]
[EventRounds "10"]
[EventCountry "ENG"]
[SourceTitle "BritBase"]
[Source "John Saunders"]
[SourceDate "2023.12.16"]
[SourceVersion "1"]
[SourceVersionDate "2023.12.16"]
[SourceQuality "1"]

1. e4 c5 2. Nf3 Nc6 3. d4 cxd4 4. Nxd4 g6 5. Nc3 Bg7 6. Be3 Nf6 7. Bc4 Qa5 8.
O-O O-O 9. Bb3 d6 10. h3 Bd7 11. Re1 Rac8 12. Qd3 Ne5 13. Qe2 Qa6 14. Qxa6 bxa6
15. Rad1 Nc4 16. Bc1 Rc5 17. Nf3 Be6 18. Nd5 Re8 19. Nf4 Bc8 {Source: Silman
Collection (Andy Ansel, 24 December 2023)} 1/2-1/2

[Event "Lloyds Bank Masters 2nd"]
[Site "London, Cumberland Hotel"]
[Date "1978.08.31"]
[Round "10.21"]
[White "King, Andrew J"]
[Black "Odendahl, Steven M"]
[Result "0-1"]
[WhiteElo "2065"]
[BlackElo "2385"]
[PlyCount "62"]
[EventDate "1978.08.24"]
[EventType "swiss"]
[EventRounds "10"]
[EventCountry "ENG"]
[SourceTitle "BritBase"]
[Source "John Saunders"]
[SourceDate "2023.12.16"]
[SourceVersion "1"]
[SourceVersionDate "2023.12.16"]
[SourceQuality "1"]

1. e4 e5 2. Nc3 Nf6 3. Bc4 Nc6 4. d3 Na5 5. Bb3 Nxb3 6. axb3 Bb4 7. Nge2 d5 8.
exd5 Nxd5 9. O-O O-O 10. Nxd5 Qxd5 11. f4 Re8 12. fxe5 Bg4 13. d4 Bxe2 14. Qxe2
Qxd4+ 15. Kh1 Rxe5 16. Qf3 Qd5 17. Qxd5 Rxd5 18. Bf4 Bd6 19. h3 a6 20. Ra4 Kf8
21. Rf2 Re8 22. Kh2 f6 23. Bxd6+ Rxd6 24. Rh4 h6 25. Rhf4 Re5 26. Kg3 Ke7 27.
h4 Re3+ 28. Kg4 g6 29. Rc4 b5 30. Kf4 Rde6 31. Rd4 c5 0-1